[Event "DFMMLV 2019"]
[Site "Braunfels"]
[Date "2019.06.20"]
[Round "1.52"]
[White "Hielscher, Ursula"]
[Black "Buchholz, Maja"]
[Result "1-0"]
[WhiteElo "1796"]
[BlackElo "1657"]
[Annotator "NA RC"]
[PlyCount "71"]
[EventDate "2019.06.20"]
[EventType "team-tourn"]
[EventCountry "GER"]
[SourceTitle "playchess.com"]
[Source "ChessBase"]
[SourceQuality "1"]
[WhiteTeam "Schleswig Holstein"]
[BlackTeam "Hessen 2"]
[TimeControl "40/5400+30:1800+30"]

1. d4 {[%emt 0:00:00]} Nf6 {[%emt 0:00:00]} 2. c4 {[%emt 0:01:07]} g6 {[%emt 0:00:00]} 3. Nc3 {[%emt 0:00:05]} Bg7 {[%emt 0:00:00]} 4. e4 {[%emt 0:00:09]} d6 {[%emt 0:00:00]} 5. f3 {[%emt 0:00:08]} O-O {[%emt 0:00:14]} 6. Be3 {[%emt 0:00:26]} a5 {[%emt 0:02:39]} 7. Qd2 {[%emt 0:01:24]} Re8 {[%emt 0:00:56]} 8. O-O-O {[%emt 0:02:22]} Na6 {[%emt 0:03:40]} 9. Bd3 {[%emt 0:03:52]} b6 {[%emt 0:08:32]} 10. e5 {[%emt 0:01:46]} Nd7 {[%emt 0:01:23]} 11. Be4 {[%emt 0:03:00]} Rb8 {[%emt 0:01:32]} 12. exd6 {[%emt 0:03:27]} cxd6 {[%emt 0:01:59]} 13. h4 {[%emt 0:02:41]} Nf6 {[%emt 0:01:35]} 14. Bc6 {[%emt 0:05:17]} Bd7 {[%emt 0:00:52]} 15. Bxd7 {[%emt 0:00:38]} Qxd7 {[%emt 0:00:43]} 16. g4 {[%emt 0:01:13]} h5 {[%emt 0:01:30]} 17. g5 {[%emt 0:04:31]} Nh7 {[%emt 0:00:22]} 18. Nge2 {[%emt 0:00:27]} Qc6 {[%emt 0:01:51]} 19. b3 {[%emt 0:01:33]} Qxf3 {[%emt 0:02:45]} 20. Rhf1 {[%emt 0:03:22]} Qc6 {[%emt 0:03:28]} 21. Qd3 {[%emt 0:04:53]} Nb4 {[%emt 0:01:46]} 22. Qb1 {[%emt 0:00:52]} Nf8 {[%emt 0:01:13]} 23. a3 {[%emt 0:01:36]} Na6 {[%emt 0:00:55]} 24. Rf2 {[%emt 0:05:24]} Nd7 {[%emt 0:03:02]} 25. Nf4 {[%emt 0:01:35]} Rf8 {[%emt 0:01:50]} 26. Ncd5 {[%emt 0:02:03]} Rbe8 {[%emt 0:01:36]} 27. Nxg6 {[%emt 0:01:24]} fxg6 {[%emt 0:02:44]} 28. Qxg6 {[%emt 0:00:10]} Qc8 {[%emt 0:04:41]} 29. Qe6+ {[%emt 0:04:37]} Kh7 {[%emt 0:02:20]} 30. Nxe7 {[%emt 0:02:39]} Rxe7 {[%emt 0:06:52]} 31. Qxe7 {[%emt 0:02:23]} Re8 {[%emt 0:02:44]} 32. g6+ {[%emt 0:00:06]} Kh8 {[%emt 0:02:38]} 33. Qg5 {[%emt 0:00:10]} Rf8 {[%emt 0:01:57]} 34. Qxh5+ {[%emt 0:00:15]} Bh6 {[%emt 0:00:48]} 35. Qxh6+ {[%emt 0:00:07]} Kg8 {[%emt 0:00:05]} 36. Qh7# {[%emt 0:00:05]} 1-0

[Event "DFMMLV 2019"]
[Site "Braunfels"]
[Date "2019.06.20"]
[Round "1.53"]
[White "Schwegler, Jelena"]
[Black "Franzenburg, Maria"]
[Result "1/2-1/2"]
[WhiteElo "1511"]
[BlackElo "1860"]
[Annotator "NA"]
[PlyCount "59"]
[EventDate "2019.06.20"]
[EventType "team-tourn"]
[EventCountry "GER"]
[SourceTitle "playchess.com"]
[Source "ChessBase"]
[SourceQuality "1"]
[WhiteTeam "Hessen 2"]
[BlackTeam "Schleswig Holstein"]
[TimeControl "40/5400+30:1800+30"]

1. e4 {[%emt 0:00:00]} e6 {[%emt 0:00:00]} 2. d4 {[%emt 0:00:00]} d5 {[%emt 0:00:00]} 3. Nc3 {[%emt 0:00:00]} Bb4 {[%emt 0:00:00]} 4. e5 {[%emt 0:00:00]} c5 {[%emt 0:00:00]} 5. a3 {[%emt 0:00:00]} cxd4 {[%emt 0:00:01]} 6. Qxd4 {[%emt 0:00:20]} Nc6 {[%emt 0:00:15]} 7. Bb5 {[%emt 0:00:37]} Bd7 {[%emt 0:00:11]} 8. Bxc6 {[%emt 0:00:42]} Bxc3+ {[%emt 0:00:08]} 9. Qxc3 {[%emt 0:00:06]} Bxc6 {[%emt 0:00:05]} 10. Qg3 {[%emt 0:00:35]} Kf8 {[%emt 0:02:00]} 11. Nf3 {[%emt 0:02:20]} h5 {[%emt 0:02:35]} 12. O-O {[%emt 0:03:41]} Nh6 {[%emt 0:04:44]} 13. Nd4 {[%emt 0:09:34]} Bd7 {[%emt 0:10:31]} 14. Bd2 {[%emt 0:04:13]} a5 {[%emt 0:04:16]} 15. Rae1 {[%emt 0:02:45]} b5 {[%emt 0:12:23]} 16. Bg5 {[%emt 0:09:33]} Qb6 {[%emt 0:05:59]} 17. Qf4 {[%emt 0:08:00]} Nf5 {[%emt 0:06:43]} 18. Nxf5 {[%emt 0:01:16]} exf5 {[%emt 0:00:03]} 19. Re3 {[%emt 0:03:26]} Rc8 {[%emt 0:02:41]} 20. c3 {[%emt 0:01:34]} Rc4 {[%emt 0:00:38]} 21. Qf3 {[%emt 0:02:38]} Rg4 {[%emt 0:07:25]} 22. h4 {[%emt 0:13:06]} Kg8 {[%emt 0:07:17]} 23. b3 {[%emt 0:09:18]} Qe6 {[%emt 0:08:06]} 24. Qe2 {[%emt 0:03:08]} Re4 {[%emt 0:06:22]} 25. f3 {[%emt 0:01:57]} Rxe3 {[%emt 0:01:13]} 26. Qxe3 {[%emt 0:00:27]} Kh7 {[%emt 0:01:15]} 27. Rd1 {[%emt 0:01:30]} Kg6 {[%emt 0:02:12]} 28. Qd4 {[%emt 0:03:17]} Bc6 {[%emt 0:00:58]} 29. Rd2 {[%emt 0:03:20]} Re8 {[%emt 0:00:43]} 30. Bf4 {[%emt 0:02:35]} 1/2-1/2

[Event "DFMMLV 2019"]
[Site "Braunfels"]
[Date "2019.06.20"]
[Round "1.54"]
[White "Mundt, Alexandra"]
[Black "Goetz, Fenja"]
[Result "1-0"]
[WhiteElo "1797"]
[BlackElo "1528"]
[Annotator "NA"]
[PlyCount "67"]
[EventDate "2019.06.20"]
[EventType "team-tourn"]
[EventCountry "GER"]
[SourceTitle "playchess.com"]
[Source "ChessBase"]
[SourceQuality "1"]
[WhiteTeam "Schleswig Holstein"]
[BlackTeam "Hessen 2"]
[TimeControl "40/5400+30:1800+30"]

1. Nf3 {[%emt 0:00:00]} Nc6 {[%emt 0:00:00]} 2. d4 {[%emt 0:00:00]} d5 {[%emt 0:00:00]} 3. g3 {[%emt 0:00:05]} Bf5 {[%emt 0:00:57]} 4. Bg2 {[%emt 0:00:19]} Nf6 {[%emt 0:00:48]} 5. a3 {[%emt 0:01:40]} g6 {[%emt 0:02:49]} 6. b3 {[%emt 0:01:32]} Bg7 {[%emt 0:03:49]} 7. Bb2 {[%emt 0:00:12]} O-O {[%emt 0:00:12]} 8. O-O {[%emt 0:00:16]} Re8 {[%emt 0:06:32]} 9. Nbd2 {[%emt 0:05:58]} Ne4 {[%emt 0:19:22]} 10. e3 {[%emt 0:01:52]} Bg4 {[%emt 0:05:11]} 11. h3 {[%emt 0:05:09]} Nxd2 {[%emt 0:01:09]} 12. Qxd2 {[%emt 0:00:12]} Bf5 {[%emt 0:00:45]} 13. Nh4 {[%emt 0:02:27]} Bd7 {[%emt 0:04:00]} 14. Kh2 {[%emt 0:05:55]} Bc8 {[%emt 0:07:26]} 15. Rab1 {[%emt 0:08:15]} e5 {[%emt 0:05:15]} 16. dxe5 {[%emt 0:12:04]} Nxe5 {[%emt 0:14:08]} 17. Qxd5 {[%emt 0:02:27]} c6 {[%emt 0:00:13]} 18. Qxd8 {[%emt 0:07:55]} Rxd8 {[%emt 0:00:02]} 19. f4 {[%emt 0:00:30]} Nd7 {[%emt 0:01:40]} 20. Bxg7 {[%emt 0:04:31]} Kxg7 {[%emt 0:00:02]} 21. Rbd1 {[%emt 0:02:52]} Re8 {[%emt 0:00:23]} 22. e4 {[%emt 0:01:19]} Nb6 {[%emt 0:00:59]} 23. g4 {[%emt 0:05:25]} Bd7 {[%emt 0:01:13]} 24. Rd2 {[%emt 0:00:26]} Re7 {[%emt 0:00:46]} 25. f5 {[%emt 0:03:43]} gxf5 {[%emt 0:00:10]} 26. gxf5 {[%emt 0:01:16]} Kg8 27. Bf3 {[%emt 0:03:34]} Kh8 {[%emt 0:04:46]} 28. Ng2 {[%emt 0:02:01]} Rae8 {[%emt 0:00:46]} 29. Nf4 {[%emt 0:02:01]} Bc8 {[%emt 0:01:32]} 30. Nh5 {[%emt 0:03:52]} Rg8 {[%emt 0:02:04]} 31. Nf6 {[%emt 0:01:35]} Rg7 {[%emt 0:00:03]} 32. Rd8+ {[%emt 0:00:15]} Re8 {[%emt 0:00:27]} 33. Rxe8+ {[%emt 0:00:09]} Rg8 {[%emt 0:00:06]} 34. Rxg8# {[%emt 0:00:03]} 1-0

[Event "DFMMLV 2019"]
[Site "Braunfels"]
[Date "2019.06.20"]
[Round "1.55"]
[White "von Beckh, Frieda"]
[Black "Freter, Anke"]
[Result "1-0"]
[WhiteElo "1465"]
[BlackElo "1856"]
[Annotator "NA RC"]
[PlyCount "53"]
[EventDate "2019.06.20"]
[EventType "team-tourn"]
[EventCountry "GER"]
[SourceTitle "playchess.com"]
[Source "ChessBase"]
[SourceQuality "1"]
[BlackTeam "Schleswig Holstein"]
[TimeControl "40/5400+30:1800+30"]

1. e4 {[%emt 0:00:00]} c5 {[%emt 0:00:00]} 2. d4 {[%emt 0:00:00]} cxd4 {[%emt 0:00:02]} 3. c3 {[%emt 0:00:00]} Nc6 {[%emt 0:01:08]} 4. cxd4 {[%emt 0:00:08]} d5 {[%emt 0:00:41]} 5. exd5 {[%emt 0:00:52]} Qxd5 {[%emt 0:01:08]} 6. Nf3 {[%emt 0:00:30]} e5 {[%emt 0:05:15]} 7. Nc3 {[%emt 0:04:11]} Bb4 {[%emt 0:00:29]} 8. Bd2 {[%emt 0:03:08]} Bxc3 {[%emt 0:01:56]} 9. Bxc3 {[%emt 0:00:20]} Bg4 {[%emt 0:09:33]} 10. dxe5 {[%emt 0:02:20]} Qe4+ {[%emt 0:08:27]} 11. Qe2 {[%emt 0:00:25]} Bxf3 {[%emt 0:00:36]} 12. gxf3 {[%emt 0:00:15]} Qxe2+ {[%emt 0:00:15]} 13. Bxe2 {[%emt 0:00:24]} Nge7 {[%emt 0:01:03]} 14. Bc4 {[%emt 0:02:16]} O-O {[%emt 0:02:24]} 15. Rg1 {[%emt 0:02:27]} Ng6 {[%emt 0:01:08]} 16. f4 {[%emt 0:02:14]} Rae8 {[%emt 0:12:27]} 17. O-O-O {[%emt 0:01:28]} Nxf4 {[%emt 0:01:59]} 18. e6 {[%emt 0:02:58]} Ng6 {[%emt 0:01:19]} 19. exf7+ {[%emt 0:00:54]} Rxf7 {[%emt 0:00:07]} 20. Bxf7+ {[%emt 0:04:24]} Kxf7 {[%emt 0:00:02]} 21. f4 {[%emt 0:04:23]} Re7 {[%emt 0:03:17]} 22. Rd5 {[%emt 0:06:25]} Kg8 {[%emt 0:01:03]} 23. f5 {[%emt 0:01:22]} Nf4 {[%emt 0:03:15]} 24. Rd2 {[%emt 0:00:58]} Rf7 {[%emt 0:02:26]} 25. f6 {[%emt 0:00:39]} g6 {[%emt 0:01:12]} 26. Re1 {[%emt 0:02:48]} Kf8 {[%emt 0:01:20]} 27. Bb4+ {[%emt 0:01:56] Nb8} 1-0

[Event "DFMMLV 2019"]
[Site "Braunfels"]
[Date "2019.06.20"]
[Round "1.56"]
[White "Braeutigam, Katerina"]
[Black "Biesdorf, Ina"]
[Result "0-1"]
[WhiteElo "1697"]
[BlackElo "1405"]
[Annotator "NA"]
[PlyCount "79"]
[EventDate "2019.06.20"]
[EventType "team-tourn"]
[EventCountry "GER"]
[SourceTitle "playchess.com"]
[Source "ChessBase"]
[SourceQuality "1"]
[WhiteTeam "Schleswig Holstein"]
[BlackTeam "Hessen 2"]
[TimeControl "40/5400+30:1800+30"]

1. e4 {[%emt 0:00:00]} e5 {[%emt 0:00:00]} 2. Nf3 {[%emt 0:00:00]} Nc6 {[%emt 0:00:18]} 3. Bb5 {[%emt 0:00:17]} d6 {[%emt 0:08:09]} 4. c3 {[%emt 0:02:36]} Bd7 {[%emt 0:01:51]} 5. h3 {[%emt 0:06:37]} Be7 {[%emt 0:05:36]} 6. O-O {[%emt 0:00:37]} a6 {[%emt 0:02:24]} 7. Ba4 {[%emt 0:00:15]} Nf6 {[%emt 0:05:29]} 8. Re1 {[%emt 0:01:58]} O-O {[%emt 0:03:30]} 9. d4 {[%emt 0:02:29]} h6 {[%emt 0:06:29]} 10. Nbd2 {[%emt 0:03:58]} exd4 {[%emt 0:08:01]} 11. cxd4 {[%emt 0:02:36]} Nb4 {[%emt 0:05:09]} 12. Bc2 {[%emt 0:03:40]} Nxc2 {[%emt 0:01:45]} 13. Qxc2 {[%emt 0:00:22]} Re8 {[%emt 0:04:53]} 14. Nf1 {[%emt 0:02:02]} Nh7 {[%emt 0:08:58]} 15. Ng3 {[%emt 0:07:52]} Ng5 {[%emt 0:02:00]} 16. Re3 {[%emt 0:12:28]} Bf6 {[%emt 0:05:33]} 17. Nxg5 {[%emt 0:11:18]} Bxg5 {[%emt 0:01:12]} 18. Rf3 {[%emt 0:00:56]} Bf6 {[%emt 0:04:11]} 19. Be3 {[%emt 0:05:28]} Rc8 {[%emt 0:08:13]} 20. Nh5 {[%emt 0:02:37]} Bh4 {[%emt 0:01:30]} 21. Qb3 {[%emt 0:06:52]} Be6 {[%emt 0:06:15]} 22. Qxb7 {[%emt 0:10:38]} Bc4 {[%emt 0:00:12]} 23. Bd2 {[%emt 0:10:01]} Be2 {[%emt 0:00:30]} 24. Qd5 {[%emt 0:05:05]} Bxf3 {[%emt 0:00:46]} 25. gxf3 {[%emt 0:00:18]} g6 {[%emt 0:02:42]} 26. Nf4 {[%emt 0:01:22]} Bg5 {[%emt 0:00:34]} 27. Rd1 {[%emt 0:00:28]} Qf6 {[%emt 0:01:20]} 28. Ng2 {[%emt 0:00:35]} Bxd2 {[%emt 0:00:27]} 29. Rxd2 {[%emt 0:00:14]} Qxf3 {[%emt 0:00:52]} 30. Qb7 {[%emt 0:00:44]} Qxe4 {[%emt 0:00:43]} 31. Qxa6 {[%emt 0:00:13]} Ra8 {[%emt 0:00:59]} 32. Qc4 {[%emt 0:00:06]} c5 {[%emt 0:01:31]} 33. a3 {[%emt 0:01:04]} Re5 {[%emt 0:02:05]} 34. h4 {[%emt 0:00:36]} Rd5 {[%emt 0:00:50]} 35. Ne3 {[%emt 0:00:36]} Rxd4 {[%emt 0:00:22]} 36. Rxd4 {[%emt 0:00:08]} Qxd4 {[%emt 0:00:19]} 37. Qb5 {[%emt 0:00:52]} Qa4 {[%emt 0:01:50]} 38. Qb7 {[%emt 0:00:20]} Qe8 {[%emt 0:00:46]} 39. Ng4 {[%emt 0:00:00]} Kg7 {[%emt 0:00:00]} 40. Qb3 {[%emt 0:00:00]} 0-1

[Event "DFMMLV 2019"]
[Site "Braunfels"]
[Date "2019.06.21"]
[Round "2.1"]
[White "Li, Zhuoling"]
[Black "Schmidt, Jessica"]
[Result "1/2-1/2"]
[WhiteElo "2140"]
[BlackElo "2240"]
[Annotator "TA"]
[PlyCount "52"]
[EventDate "2019.06.20"]
[EventType "team-tourn"]
[EventCountry "GER"]
[SourceTitle "playchess.com"]
[Source "ChessBase"]
[SourceQuality "1"]
[WhiteTeam "Wuerttemberg 1"]
[BlackTeam "Baden"]

{[%evp 9,52,44,45,46,43,24,31,17,15,19,41,10,7,0,25,5,16,12,12,0,-6,-3,6,4,8,4,6,0,8,12,57,57,60,29,30,29,31,32,49,6,52,2,2,2,2]} 1. e4 d5 2. exd5 Qxd5 3. Nc3 Qd8 4. Bc4 Nf6 5. d4 Bg4 6. f3 {B01: Scandinavian Defence} Bc8 (6... Bf5 7. Nge2 h6 8. Bf4 e6 9. d5 exd5 10. Nxd5 Nxd5 11. Qxd5 Qxd5 12. Bxd5 c6 13. Bb3 Bc5 {1-0 (45) Dervishi,E (2545)-Glek,I (2538) Fuegen 2006}) 7. Be3 $146 ({Predecessor:} 7. Nge2 e6 8. O-O Be7 9. Ne4 Nbd7 10. c3 O-O 11. Qc2 b6 12. Bd3 Bb7 13. Bd2 h6 {0-1 (50) Weinitschke,G-Campioli,M ICCF corr 1998}) 7... e6 8. a3 {White is slightly better.} a6 9. Nge2 b5 10. Bb3 Bb7 11. O-O Bd6 12. Qe1 O-O 13. Rd1 Nbd7 14. Bf4 Nb6 15. Be5 Nfd5 16. Bxd5 Nxd5 17. Nxd5 Bxd5 18. Qg3 {[%csl Ge5][%cal Rg3g7] [#]} Bxe5 19. dxe5 $40 {[%mdl 128] White is up to no good.} Qe7 20. Nf4 Qc5+ 21. Qf2 (21. Rf2 {keeps more tension.} Kh8 22. Nxd5 exd5 23. f4 a5 24. f5) 21... Qxf2+ 22. Rxf2 c6 23. Rfd2 a5 {[%cal Ba6a5,Ba5a4][%mdl 32]} 24. b3 f6 25. Nd3 {With the idea Rc1.} a4 26. b4 f5 {Accuracy: White = 45%, Black = 52%.} 1/2-1/2

[Event "DFMMLV 2019"]
[Site "Braunfels"]
[Date "2019.06.21"]
[Round "2.2"]
[White "Malachowski, Margrit"]
[Black "Meier, Annemarie"]
[Result "0-1"]
[WhiteElo "2080"]
[BlackElo "2267"]
[Annotator "TA"]
[PlyCount "30"]
[EventDate "2019.06.20"]
[EventType "team-tourn"]
[EventCountry "GER"]
[SourceTitle "playchess.com"]
[Source "ChessBase"]
[SourceQuality "1"]
[WhiteTeam "Baden"]
[BlackTeam "Wuerttemberg 1"]

{[%evp 9,78,0,4,-4,4,-28,-18,-21,-15,-100,-93,-103,-103,-197,-195,-205,-184,-198,-184,-224,-213,-220,-222,-231,-233,-248,-226,-247,-232,-293,-286,-300,-302,-295,-301,-311,-294,-397,-318,-337,-350,-402,-414,-391,-410,-402,-323,-279,0,-398,-349,-435,-442,-606,-618,-697,-695,-672,-691,-662,-570,-947,-942,-904,-870,-985,-953,-825,-806,-1156,-1185]} 1. Nf3 d6 2. g3 e5 3. d3 Nc6 (3... Be7 4. Bg2 c6 5. c4 g5 6. Nc3 g4 7. Ng1 h5 8. h3 Bf6 9. hxg4 hxg4 10. e4 Rxh1 11. Bxh1 Bg5 {½-½ (66) Petrosyan,M (2427)-Petrosian,T (2671) Dubai 2015}) 4. c4 g6 5. b3 Bg7 {[#] Hoping for ...e4!} 6. Bb2 {A04: Unusual lines after 1 Nf3 and King's Indian Attack} f5 $146 ({Predecessor:} 6... Be6 7. Bg2 Qd7 8. O-O Nge7 9. Ng5 O-O 10. Nxe6 Qxe6 {1-0 (67) Sorensen,L (1592)-Schmidt,H (1778) Roskilde 2008}) 7. Nbd2 Nge7 8. Bg2 {The position is equal.} O-O {With the idea ...e4.} 9. O-O {[#]} (9. Rb1 $11 {remains equal.}) 9... e4 $1 $17 {[%cal Re4f3]} 10. Bxg7 exf3 11. Nxf3 (11. Bxf8 $17 {was necessary.} fxg2 12. Kxg2 Qxf8 13. e3) 11... Kxg7 $19 12. e3 h6 13. Qd2 g5 14. d4 Ng6 15. Qc3 a5 {Played: Qd8-f6} 0-1

[Event "DFMMLV 2019"]
[Site "Braunfels"]
[Date "2019.06.21"]
[Round "2.3"]
[White "Mira, Helene"]
[Black "Zhang, Fan"]
[Result "1-0"]
[WhiteElo "2029"]
[BlackElo "2069"]
[Annotator "NA RC"]
[PlyCount "141"]
[EventDate "2019.06.20"]
[EventType "team-tourn"]
[EventCountry "GER"]
[SourceTitle "playchess.com"]
[Source "ChessBase"]
[SourceQuality "1"]
[WhiteTeam "Wuerttemberg 1"]
[BlackTeam "Baden"]
[TimeControl "40/5400+30:1800+30"]

1. Nf3 {[%emt 0:11:05]} Nf6 {[%emt 0:00:00]} 2. d4 {[%emt 0:00:19]} e6 {[%emt 0:00:00]} 3. e3 {[%emt 0:00:05]} d5 {[%emt 0:03:06]} 4. b3 {[%emt 0:00:52]} Nbd7 {[%emt 0:06:45]} 5. Bd3 {[%emt 0:00:33]} Bd6 {[%emt 0:02:05]} 6. Bb2 {[%emt 0:00:14] D05: Colle System with ...e6} O-O {[%emt 0:01:17]} 7. Nbd2 {[%emt 0:00:57]} (7. O-O c5 8. Nbd2 b6 9. Ne5 Bb7 10. f4 cxd4 11. exd4 Ne4 12. Qe2 f5 13. Nxe4 fxe4 14. Bb5 Nxe5 15. fxe5 Bc7 16. Ba3 Rf5 17. Qg4 Qg5 18. Qxg5 Rxg5 {1-0 (28) Dzagnidze,N (2522)-Lei,T (2528) Riadh 2017}) 7... Re8 {[%emt 0:01:00]} 8. Ne5 {[%emt 0:00:13]} c5 {[%emt 0:01:46]} 9. O-O {[%emt 0:01:12]} b6 {[%emt 0:03:46]} 10. f4 {[%emt 0:00:39]} Bb7 {[%emt 0:03:05]} 11. Qf3 {[%emt 0:03:54]} Qc7 {[%emt 0:03:20]} 12. Qh3 {[%emt 0:00:21]} Ne4 $146 {[%emt 0:05:59]} ({Predecessor:} 12... cxd4 13. exd4 Bf8 14. Rae1 g6 15. Ndf3 Bg7 16. Ng5 Rf8 17. Ngxf7 Rxf7 18. Nxf7 Kxf7 19. Qxe6+ {1-0 (29) Nguyen,T-Nguyen Thi Hoang,O Dong Thap 2000}) 13. Nxe4 {[%emt 0:07:52]} dxe4 {[%emt 0:00:32]} 14. Bb5 {[%emt 0:00:11]} Bxe5 {[%emt 0:21:10]} 15. fxe5 {[%emt 0:12:05]} a6 {[%emt 0:06:17]} 16. Bxd7 {[%emt 0:05:24]} Qxd7 {[%emt 0:00:04]} 17. c4 {[%emt 0:02:55]} cxd4 {[%emt 0:15:56]} 18. Bxd4 {[%emt 0:03:20]} b5 {[%emt 0:01:30]} 19. c5 {[%emt 0:00:11]} b4 {[%emt 0:00:36]} 20. Qh5 {[%emt 0:00:28]} Bc6 {[%emt 0:02:35]} 21. Rf4 {[%emt 0:00:13]} Bb5 {[%emt 0:08:13]} 22. Rh4 {[%emt 0:04:16]} h6 {[%emt 0:00:07]} 23. Rxe4 {[%emt 0:00:21]} Bd3 {[%emt 0:00:26]} 24. Rf4 {[%emt 0:00:14]} Re7 {[%emt 0:02:40]} 25. Rc1 {[%emt 0:06:51]} Rc8 {[%emt 0:00:11]} 26. Qd1 {[%emt 0:00:24]} Bb5 {[%emt 0:00:56]} 27. Rc2 {[%emt 0:00:40]} a5 {[%emt 0:00:24]} 28. Qh5 {[%emt 0:02:20]} Qb7 {[%emt 0:01:58]} 29. Rcf2 {[%emt 0:01:32]} Bd3 {[%emt 0:00:42]} 30. Qf3 {[%emt 0:07:58]} Qxf3 {[%emt 0:02:07]} 31. gxf3 {[%emt 0:00:13]} h5 {[%emt 0:01:22]} 32. Rh4 {[%emt 0:02:10]} g6 {[%emt 0:00:03]} 33. Rh3 {[%emt 0:00:58]} Rd7 {[%emt 0:00:38]} 34. Rg3 {[%emt 0:01:37]} Kf8 {[%emt 0:00:17]} 35. h4 {[%emt 0:00:28]} Ke7 {[%emt 0:00:25]} 36. Kh2 {[%emt 0:00:09]} Ke8 {[%emt 0:00:41]} 37. Rg1 {[%emt 0:00:06]} Ke7 {[%emt 0:00:36]} 38. Rd2 {[%emt 0:01:02]} Bb5 {[%emt 0:00:29]} 39. Rgd1 {[%emt 0:00:11]} Rcd8 {[%emt 0:01:36]} 40. Kg3 {[%emt 0:01:05]} Bc6 {[%emt 0:00:52]} 41. Kf4 {[%emt 0:30:25]} Rc8 {[%emt 0:31:59]} 42. e4 {[%emt 0:00:54]} Rcd8 {[%emt 0:01:54]} 43. Ke3 {[%emt 0:00:40]} Bb5 {[%emt 0:00:32]} 44. c6 {[%emt 0:03:35]} Bxc6 {[%emt 0:00:00]} 45. Bc5+ {[%emt 0:00:00]} Ke8 {[%emt 0:00:00]} 46. Bd6 {[%emt 0:00:00]} a4 {[%emt 0:00:00]} 47. Rc1 {[%emt 0:00:00]} Bb5 {[%emt 0:00:00]} 48. Rc5 {[%emt 0:00:00]} Rb7 {[%emt 0:00:00]} 49. Rdc2 {[%emt 0:00:00]} axb3 {[%emt 0:00:00]} 50. axb3 {[%emt 0:00:00]} f6 {[%emt 0:00:00]} 51. Kf4 {[%emt 0:00:00]} fxe5+ {[%emt 0:03:51]} 52. Kxe5 {[%emt 0:00:00]} Bd7 {[%emt 0:00:57]} (52... Kf7 $16 {might work better.}) 53. R2c4 {[%emt 0:00:00]} Ra8 {[%emt 0:00:23]} 54. Kf6 {[%emt 0:00:00]} Ra3 {[%emt 0:00:47]} 55. Rg5 {[%emt 0:00:00]} Rxb3 {[%emt 0:00:28]} 56. f4 {[%emt 0:00:00]} Bb5 {[%emt 0:00:57]} 57. Rd4 {[%emt 0:02:09]} ({Stronger than} 57. Rxb4 Rxb4 58. Bxb4 Bd3 $11) 57... Rf7+ {[%emt 0:00:33]} 58. Kxg6 {[%emt 0:01:12]} Be2 $1 $11 {[%emt 0:00:36] [#] and Black has nothing to worry.} (58... Rd3 $142 59. Rxb4 Rxd6 60. Rgxb5 e5+ 61. Kxh5 exf4) 59. Ra5 $2 {[%emt 0:01:16]} (59. f5 $1 $18 {[%cal Rf5e6]} exf5 60. exf5 Rd7 61. Re4+ {[%mdl 64] Double Attack} Kd8) 59... Rg3+ $1 {[%emt 0:00:07]} 60. Rg5 {[%emt 0:00:39]} Rxg5+ $4 {[%emt 0:00:06]} 61. hxg5 {[%emt 0:00:09]} b3 {[%emt 0:00:23]} 62. Rb4 {[%emt 0:00:24]} Rd7 {[%emt 0:00:25]} 63. e5 {[%emt 0:02:27]} Bd1 {[%emt 0:00:44]} (63... h4 $142 64. Rb8+ Rd8 65. Rxb3 Bd1) 64. Kf6 $2 {[%emt 0:00:23]} (64. Kh6 $18 {is more deadly.} Rd8 65. g6) 64... Rf7+ $16 {[%emt 0:01:15]} 65. Kxe6 {[%emt 0:00:42]} Bg4+ {[%emt 0:00:03]} 66. Kd5 {[%emt 0:00:12]} Bf3+ {[%emt 0:00:22]} 67. Kc5 {[%emt 0:00:24]} b2 {[%emt 0:00:21]} 68. Rxb2 {[%emt 0:00:56]} Ra7 {[%emt 0:01:13]} 69. g6 {[%emt 0:02:39]} Ra5+ {[%emt 0:00:30]} 70. Kd4 {[%emt 0:00:10]} Ra7 {[%emt 0:00:31]} 71. f5 {[%emt 0:00:11]} 1-0